00707nam a2200217Ia 4500003000900000005001700009008004100026040003300067041000800100080001200108100001900120245007100139260003500210300002300245650001000268650001900278650007100297942000700368952009700375999001700472LK-CoDNM20240930102219.0010623t1919 xxu||||| |||| 00| 1 eng d aLK-CoDNMdLK-CoDNMeLK-CoDNM aeng a24bK19 aRangacharya,V. aA Topographical List of the Inscriptions of the Madras Presidency bGovernment PressaMadrasc1919 bvi, 710p. : 25 cm a24K19 aRangacharya,V. aA Topographical List of the Inscriptions of the Madras Presidency cBK 001041708OLAaMAINbMAINcREFd2024-09-30l0o24 K19pOJP2186r2024-09-30w2024-09-30yBK c89638d89638